[Event "MMM"]
[Site "Galaxy Gesia 22a - Krakow"]
[Date "2022.06.16"]
[Round "2.25"]
[White "Smukowski, Bartosz"]
[Black "Hilarecki, Grzegorz"]
[Result "1/2-1/2"]
[BlackElo "1868"]
[WhiteElo "1657"]
[LiveChessVersion "1.4.8"]

1. c4 {[%clk 1:30:56]} Nf6 {[%clk 1:29:48]} 2. Nc3 {[%clk 1:31:01]} g6
{[%clk 1:30:05]} 3. g3 {[%clk 1:31:14]} Bg7 {[%clk 1:30:26]} 4. Bg2
{[%clk 1:31:39]} O-O {[%clk 1:30:39]} 5. Nf3 {[%clk 1:31:59]} d6 {[%clk 1:30:46]}
6. O-O {[%clk 1:32:20]} Nc6 {[%clk 1:30:21]} 7. d3 {[%clk 1:32:25]} Rb8
{[%clk 1:28:38]} 8. Bd2 {[%clk 1:29:34]} a6 {[%clk 1:28:50]} 9. a4
{[%clk 1:29:40]} Bd7 {[%clk 1:27:54]} 10. Rb1 {[%clk 1:28:59]} a5
{[%clk 1:26:58]} 11. b3 {[%clk 1:29:08]} Nb4 {[%clk 1:25:25]} 12. Nd4
{[%clk 1:27:37]} c5 {[%clk 1:20:50]} 13. Nc2 {[%clk 1:27:44]} Bc6
{[%clk 1:20:24]} 14. Ne4 {[%clk 1:17:33]} Nxc2 {[%clk 1:14:23]} 15. Qxc2
{[%clk 1:16:55]} Qc7 {[%clk 1:13:17]} 16. Bc3 {[%clk 1:16:25]} Ne8
{[%clk 1:11:56]} 17. f3 {[%clk 1:13:52]} b6 {[%clk 1:08:12]} 18. Bxg7
{[%clk 1:10:40]} Nxg7 {[%clk 1:08:21]} 19. Nc3 {[%clk 1:11:00]} e6
{[%clk 1:07:29]} 20. e4 {[%clk 1:11:19]} Rbd8 {[%clk 1:03:39]} 21. Rbd1
{[%clk 1:11:26]} e5 {[%clk 0:57:34]} 22. Rf2 {[%clk 1:10:35]} Ne6
{[%clk 0:55:21]} 23. Ne2 {[%clk 1:10:56]} f5 {[%clk 0:54:28]} 24. Rdf1
{[%clk 1:10:39]} f4 {[%clk 0:50:23]} 25. g4 {[%clk 1:11:03]} Rd7 {[%clk 0:49:04]}
26. Rc1 {[%clk 1:09:05]} Qd8 {[%clk 0:48:44]} 27. Qd1 {[%clk 1:07:33]} Rdf7
{[%clk 0:47:19]} 28. Bh1 {[%clk 1:05:37]} Kh8 {[%clk 0:44:38]} 29. h3
{[%clk 1:04:04]} h5 {[%clk 0:43:35]} 30. Rh2 {[%clk 1:04:02]} Rh7
{[%clk 0:43:01]} 31. Qe1 {[%clk 1:02:15]} Rff7 {[%clk 0:40:33]} 32. Rc2
{[%clk 1:00:40]} hxg4 {[%clk 0:38:13]} 33. hxg4 {[%clk 0:54:39]} Rxh2
{[%clk 0:37:03]} 34. Kxh2 {[%clk 0:55:05]} Rh7+ {[%clk 0:36:39]} 35. Kg1
{[%clk 0:55:31]} Bd7 {[%clk 0:33:48]} 36. Bg2 {[%clk 0:52:05]} Qf8
{[%clk 0:32:49]} 37. Nc1 {[%clk 0:49:52]} Qh6 {[%clk 0:30:30]} 38. Rf2
{[%clk 0:46:45]} Ng5 {[%clk 0:27:19]} 39. Kf1 {[%clk 0:46:17]} Qh4
{[%clk 0:23:16]} 40. Ne2 {[%clk 0:44:17]} Nh3 {[%clk 0:21:13]} 41. Ng1
{[%clk 0:42:47]} Nxf2 {[%clk 0:18:36]} 42. Qxf2 {[%clk 0:42:58]} Qxf2+
{[%clk 0:17:20]} 43. Kxf2 {[%clk 0:43:26]} Kg7 {[%clk 0:17:40]} 44. Bh3
{[%clk 0:43:24]} Kf6 {[%clk 0:15:43]} 45. Kg2 {[%clk 0:43:29]} Kg5
{[%clk 0:15:45]} 46. Ne2 {[%clk 0:41:02]} Rh4 {[%clk 0:10:37]} 47. Ng1
{[%clk 0:40:58]} Rh8 {[%clk 0:08:47]} 48. Ne2 {[%clk 0:40:57]} Kh4
{[%clk 0:08:26]} 49. Nc3 {[%clk 0:41:16]} Bc6 {[%clk 0:08:09]} 50. Kh2
{[%clk 0:41:27]} Kg5 {[%clk 0:08:04]} 51. Kg2 {[%clk 0:41:46]} Rb8
{[%clk 0:07:30]} 52. Kf2 {[%clk 0:41:32]} Rb7 {[%clk 0:07:18]} 53. Kg2
{[%clk 0:41:06]} Bd7 {[%clk 0:05:38]} 54. Kf2 {[%clk 0:40:49]} Be6
{[%clk 0:06:04]} 55. Kg2 {[%clk 0:39:49]} Rh7 {[%clk 0:06:18]} 56. Ne2
{[%clk 0:40:06]} Rh4 {[%clk 0:06:18]} 57. Ng1 {[%clk 0:40:10]} Bd7
{[%clk 0:06:36]} 58. Ne2 Rh8 1/2-1/2

[Event "MMM"]
[Site "Galaxy Gesia 22a - Krakow"]
[Date "2022.06.16"]
[Round "2.26"]
[White "Bratajit, Mukherjee"]
[Black "Mirski, Michal"]
[Result "0-1"]
[BlackElo "1855"]
[WhiteElo "1617"]
[LiveChessVersion "1.4.8"]

1. d4 {[%clk 1:30:57]} f5 {[%clk 1:30:53]} 2. c4 {[%clk 1:31:06]} Nf6
{[%clk 1:31:19]} 3. Nc3 {[%clk 1:31:10]} d6 {[%clk 1:31:41]} 4. g3
{[%clk 1:30:05]} g6 {[%clk 1:32:07]} 5. Bg2 {[%clk 1:30:26]} Bg7 {[%clk 1:32:33]}
6. Nf3 {[%clk 1:28:31]} O-O {[%clk 1:32:55]} 7. O-O {[%clk 1:28:51]} Nc6
{[%clk 1:32:20]} 8. h3 {[%clk 1:26:54]} e5 {[%clk 1:30:51]} 9. dxe5
{[%clk 1:23:26]} dxe5 {[%clk 1:29:54]} 10. Qxd8 {[%clk 1:22:03]} Rxd8
{[%clk 1:29:16]} 11. Nb5 {[%clk 1:20:06]} Ne8 {[%clk 1:16:09]} 12. Bg5
{[%clk 1:20:25]} Rd7 {[%clk 1:16:17]} 13. e4 {[%clk 1:14:39]} f4 {[%clk 1:04:09]}
14. gxf4 {[%clk 1:03:32]} h6 {[%clk 1:01:37]} 15. Bxh6 {[%clk 1:03:16]} Bxh6
{[%clk 1:01:42]} 16. Nxe5 {[%clk 1:02:17]} Nxe5 {[%clk 1:00:51]} 17. fxe5
{[%clk 1:02:45]} Bf4 {[%clk 0:58:22]} 18. Rad1 {[%clk 1:01:23]} Bxe5
{[%clk 0:56:37]} 19. b3 {[%clk 1:01:42]} c6 {[%clk 0:55:15]} 20. Na3
{[%clk 1:01:44]} Rxd1 {[%clk 0:54:34]} 21. Rxd1 {[%clk 1:02:12]} Be6
{[%clk 0:54:06]} 22. Nc2 {[%clk 1:02:04]} a5 {[%clk 0:53:06]} 23. Bf1
{[%clk 1:01:18]} a4 {[%clk 0:51:31]} 24. Ne1 {[%clk 0:57:14]} axb3
{[%clk 0:43:12]} 25. axb3 {[%clk 0:57:16]} Ra3 {[%clk 0:33:46]} 26. Nd3
{[%clk 0:55:46]} Bd6 {[%clk 0:33:11]} 27. Rb1 {[%clk 0:52:42]} Nc7
{[%clk 0:32:46]} 28. Kg2 {[%clk 0:51:31]} Na6 {[%clk 0:31:37]} 29. f4
{[%clk 0:48:51]} Nc5 {[%clk 0:26:36]} 30. e5 {[%clk 0:49:05]} Be7
{[%clk 0:26:05]} 31. Nxc5 {[%clk 0:44:24]} Bxc5 {[%clk 0:26:28]} 32. Bd3
{[%clk 0:44:51]} Kf7 {[%clk 0:25:24]} 33. Kg3 {[%clk 0:35:31]} Bd4
{[%clk 0:21:54]} 34. h4 {[%clk 0:33:29]} Ra2 {[%clk 0:20:41]} 35. Rh1
{[%clk 0:29:28]} Rb2 {[%clk 0:16:58]} 36. Rb1 {[%clk 0:28:43]} Bf2+
{[%clk 0:16:42]} 37. Kf3 {[%clk 0:27:06]} Rxb1 {[%clk 0:16:56]} 38. Bxb1
{[%clk 0:27:35]} Bxh4 {[%clk 0:17:16]} 39. Bd3 {[%clk 0:27:30]} Be7
{[%clk 0:17:18]} 40. Bc2 {[%clk 0:27:22]} Bf5 {[%clk 0:17:25]} 41. Bd1
{[%clk 0:27:36]} Bc5 {[%clk 0:17:50]} 42. Kg3 {[%clk 0:27:49]} Ke6
{[%clk 0:17:41]} 43. Kh4 {[%clk 0:27:03]} Be7+ {[%clk 0:17:37]} 44. Kg3
{[%clk 0:27:25]} Kd7 {[%clk 0:16:26]} 45. Kf3 {[%clk 0:27:06]} Kc7
{[%clk 0:16:39]} 46. Ke3 {[%clk 0:27:27]} Kb6 {[%clk 0:16:57]} 0-1

[Event "MMM"]
[Site "Galaxy Gesia 22a - Krakow"]
[Date "2022.06.16"]
[Round "2.28"]
[White "Slusarczyk, Anna"]
[Black "Cichon, Jakub"]
[Result "1-0"]
[BlackElo "1900"]
[WhiteElo "1604"]
[LiveChessVersion "1.4.8"]

1. d4 {[%clk 1:30:58]} Nf6 {[%clk 1:30:03]} 2. c4 {[%clk 1:31:22]} e6
{[%clk 1:30:27]} 3. a3 {[%clk 1:31:47]} b6 {[%clk 1:30:48]} 4. Nc3
{[%clk 1:32:04]} Bb7 {[%clk 1:31:14]} 5. Nf3 {[%clk 1:31:43]} d5 {[%clk 1:30:56]}
6. Bg5 {[%clk 1:32:06]} Be7 {[%clk 1:31:10]} 7. e3 {[%clk 1:32:06]} Nbd7
{[%clk 1:30:50]} 8. cxd5 {[%clk 1:28:33]} exd5 {[%clk 1:29:52]} 9. Bd3
{[%clk 1:28:52]} h6 {[%clk 1:30:13]} 10. Bf4 {[%clk 1:27:53]} O-O
{[%clk 1:29:51]} 11. O-O {[%clk 1:28:12]} c5 {[%clk 1:29:14]} 12. Nh4
{[%clk 1:16:50]} g5 {[%clk 1:24:54]} 13. Nf5 {[%clk 1:17:14]} gxf4
{[%clk 1:23:01]} 14. Nxh6+ {[%clk 1:17:37]} Kh8 {[%clk 1:12:59]} 15. Qf3
{[%clk 1:17:32]} Nh7 {[%clk 1:02:02]} 16. Bxh7 {[%clk 0:50:34]} Kxh7
{[%clk 1:02:03]} 17. Nf5 {[%clk 0:50:38]} Rh8 {[%clk 0:37:14]} 18. Qh5+
{[%clk 0:45:53]} Kg8 {[%clk 0:37:20]} 19. Qg4+ {[%clk 0:46:16]} Kf8
{[%clk 0:36:58]} 20. Qg7+ {[%clk 0:46:40]} Ke8 {[%clk 0:36:28]} 21. Qxh8+
{[%clk 0:46:54]} Nf8 {[%clk 0:35:52]} 22. Nxe7 {[%clk 0:44:32]} Qxe7
{[%clk 0:36:03]} 23. exf4 {[%clk 0:44:54]} Kd7 {[%clk 0:36:05]} 24. Rae1
{[%clk 0:44:36]} Qd6 {[%clk 0:35:53]} 25. Qh3+ {[%clk 0:43:14]} Ne6
{[%clk 0:35:52]} 26. Qf5 {[%clk 0:43:22]} Qxf4 {[%clk 0:34:58]} 27. Re5
{[%clk 0:40:41]} Rh8 {[%clk 0:25:16]} 28. Qxf4 {[%clk 0:36:35]} Nxf4
{[%clk 0:25:27]} 29. Rf5 {[%clk 0:36:54]} Ne6 {[%clk 0:24:43]} 30. Rxf7+
{[%clk 0:37:13]} Kc6 {[%clk 0:24:23]} 31. Re1 {[%clk 0:36:52]} Rh6
{[%clk 0:23:39]} 32. dxc5 {[%clk 0:36:34]} bxc5 {[%clk 0:23:59]} 33. Nxd5
{[%clk 0:35:56]} Ng5 {[%clk 0:24:14]} 34. Rf6+ {[%clk 0:35:24]} Rxf6
{[%clk 0:24:38]} 35. Nxf6 {[%clk 0:35:52]} Kb5 {[%clk 0:25:01]} 36. h4
{[%clk 0:36:10]} Nf7 {[%clk 0:25:04]} 37. Re7 {[%clk 0:36:37]} 1-0

[Event "MMM"]
[Site "Galaxy Gesia 22a - Krakow"]
[Date "2022.06.17"]
[Round "3.1"]
[White "Lewtak, Damian"]
[Black "Suder, Jakub"]
[Result "1/2-1/2"]
[BlackElo "2306"]
[WhiteElo "2388"]
[LiveChessVersion "1.4.8"]

1. c4 {[%clk 1:30:58]} e6 {[%clk 1:30:52]} 2. Nf3 {[%clk 1:30:09]} d5
{[%clk 1:31:17]} 3. e3 {[%clk 1:30:32]} Nf6 {[%clk 1:31:25]} 4. b3
{[%clk 1:30:36]} c5 {[%clk 1:30:00]} 5. Bb2 {[%clk 1:28:45]} Nc6 {[%clk 1:30:20]}
6. cxd5 {[%clk 1:25:05]} exd5 {[%clk 1:27:46]} 7. Bb5 {[%clk 1:17:11]} Bd7
{[%clk 1:26:09]} 8. O-O {[%clk 1:17:03]} Bd6 {[%clk 1:24:46]} 9. d4
{[%clk 1:15:12]} cxd4 {[%clk 1:24:20]} 10. Nxd4 {[%clk 1:13:04]} O-O
{[%clk 1:22:07]} 11. Be2 {[%clk 1:12:13]} Qe7 {[%clk 1:14:35]} 12. Nd2
{[%clk 1:06:48]} Ne5 {[%clk 1:10:00]} 13. N2f3 {[%clk 0:59:59]} a6
{[%clk 1:06:00]} 14. Nxe5 {[%clk 0:51:56]} Qxe5 {[%clk 1:05:43]} 15. g3
{[%clk 0:51:56]} Bh3 {[%clk 1:00:54]} 16. Re1 {[%clk 0:52:17]} Bb4
{[%clk 0:58:29]} 17. Nc6 {[%clk 0:47:35]} Qxb2 {[%clk 0:58:42]} 18. Nxb4
{[%clk 0:48:00]} Rfd8 {[%clk 0:52:36]} 19. Nc2 {[%clk 0:45:19]} Ne4
{[%clk 0:50:32]} 20. Nd4 {[%clk 0:43:18]} Rac8 {[%clk 0:47:16]} 21. Qb1
{[%clk 0:37:21]} Qd2 {[%clk 0:45:42]} 22. Qd3 {[%clk 0:32:37]} Qa5
{[%clk 0:41:09]} 23. Bf3 {[%clk 0:25:29]} Rc3 {[%clk 0:40:15]} 24. Qe2
{[%clk 0:25:51]} Rdc8 {[%clk 0:37:55]} 25. Red1 {[%clk 0:24:25]} R3c7
{[%clk 0:34:27]} 26. Qb2 {[%clk 0:22:01]} g6 {[%clk 0:32:13]} 27. a4
{[%clk 0:19:51]} Qb6 {[%clk 0:30:21]} 28. Rdc1 {[%clk 0:14:45]} Nc3
{[%clk 0:29:00]} 29. Qd2 {[%clk 0:15:02]} Qf6 {[%clk 0:27:15]} 30. Qe1
{[%clk 0:14:13]} b5 {[%clk 0:25:06]} 31. axb5 {[%clk 0:11:20]} Nxb5
{[%clk 0:23:32]} 32. Rxc7 {[%clk 0:10:20]} Rxc7 {[%clk 0:21:07]} 33. Bxd5
{[%clk 0:09:16]} Nxd4 {[%clk 0:21:00]} 34. exd4 {[%clk 0:09:28]} Qxd4
{[%clk 0:20:49]} 35. Bc4 {[%clk 0:09:20]} Re7 {[%clk 0:19:19]} 36. Qd1
{[%clk 0:09:43]} Qxd1+ {[%clk 0:18:41]} 37. Rxd1 {[%clk 0:10:04]} Be6
{[%clk 0:17:55]} 38. Ra1 {[%clk 0:07:08]} Bxc4 {[%clk 0:17:57]} 39. bxc4
{[%clk 0:07:34]} Ra7 {[%clk 0:16:55]} 40. Kf1 {[%clk 0:07:33]} Kf8
{[%clk 0:17:03]} 41. Ke2 {[%clk 0:07:47]} Ke7 {[%clk 0:17:06]} 42. Ra5
{[%clk 0:06:30]} Kd6 {[%clk 0:17:23]} 43. Kd3 {[%clk 0:06:13]} Kc6
{[%clk 0:16:57]} 44. Kc3 {[%clk 0:06:29]} Kb6 {[%clk 0:17:04]} 45. Kb4
{[%clk 0:06:31]} Re7 {[%clk 0:16:10]} 46. c5+ {[%clk 0:06:16]} Kb7
{[%clk 0:16:31]} 47. Ra2 {[%clk 0:06:31]} Re4+ {[%clk 0:15:50]} 48. Kc3
{[%clk 0:06:56]} Re1 {[%clk 0:13:29]} 49. Kd4 {[%clk 0:06:18]} g5
{[%clk 0:11:34]} 50. Rb2+ {[%clk 0:06:09]} Kc7 {[%clk 0:11:59]} 51. Rb6
{[%clk 0:05:55]} Re6 {[%clk 0:12:19]} 52. Rb2 {[%clk 0:05:40]} g4
{[%clk 0:11:46]} 53. Kd5 {[%clk 0:05:27]} Rh6 {[%clk 0:11:37]} 54. Ra2
{[%clk 0:03:29]} Rh5+ {[%clk 0:11:22]} 55. Kd4 {[%clk 0:03:50]} Rxh2
{[%clk 0:11:03]} 56. Rxa6 {[%clk 0:04:10]} Rxf2 {[%clk 0:11:26]} 57. Rh6
{[%clk 0:04:32]} Rf3 {[%clk 0:10:37]} 58. Rxh7 {[%clk 0:04:55]} Rxg3
{[%clk 0:10:41]} 59. Rxf7+ {[%clk 0:05:19]} 1/2-1/2

[Event "MMM"]
[Site "Galaxy Gesia 22a - Krakow"]
[Date "2022.06.17"]
[Round "3.2"]
[White "Kowalski, Igor"]
[Black "Chylewski, Patryk"]
[Result "1/2-1/2"]
[BlackElo "2302"]
[WhiteElo "2356"]
[LiveChessVersion "1.4.8"]

1. d4 {[%clk 1:30:59]} d5 {[%clk 1:30:55]} 2. c4 {[%clk 1:31:26]} dxc4
{[%clk 1:31:21]} 3. e3 {[%clk 1:31:53]} e5 {[%clk 1:31:43]} 4. Bxc4
{[%clk 1:32:16]} exd4 {[%clk 1:32:08]} 5. exd4 {[%clk 1:32:41]} Bd6 6. Nf3
{[%clk 1:32:55]} Nf6 {[%clk 1:32:58]} 7. Qe2+ {[%clk 1:33:00]} Qe7
{[%clk 1:33:23]} 8. Qxe7+ {[%clk 1:33:24]} Bxe7 {[%clk 1:33:48]} 9. O-O
{[%clk 1:33:14]} O-O {[%clk 1:34:13]} 10. Re1 {[%clk 1:33:18]} Bd6
{[%clk 1:33:18]} 11. Nc3 {[%clk 1:33:37]} c6 {[%clk 1:29:02]} 12. Bg5
{[%clk 1:33:35]} Nbd7 {[%clk 1:29:21]} 13. Ne5 {[%clk 1:33:27]} Nb6
{[%clk 1:27:42]} 14. Bb3 {[%clk 1:28:12]} Bf5 {[%clk 1:24:19]} 15. Bxf6
{[%clk 1:14:39]} gxf6 {[%clk 1:23:31]} 16. Nf3 {[%clk 1:15:06]} Rfe8
{[%clk 1:16:45]} 17. Nh4 {[%clk 1:12:46]} Bg6 {[%clk 1:14:52]} 18. g3
{[%clk 1:10:16]} Bb4 {[%clk 1:09:53]} 19. f4 {[%clk 1:05:45]} Bd3
{[%clk 1:06:14]} 20. Kf2 {[%clk 0:55:46]} Rad8 {[%clk 0:47:52]} 21. a3
{[%clk 0:51:48]} Bxc3 {[%clk 0:43:00]} 22. bxc3 {[%clk 0:52:01]} Bc4
{[%clk 0:42:23]} 23. Bxc4 {[%clk 0:43:58]} Nxc4 {[%clk 0:42:47]} 24. Rxe8+
{[%clk 0:41:35]} Rxe8 {[%clk 0:43:11]} 25. Nf5 {[%clk 0:42:02]} 1/2-1/2

[Event "MMM"]
[Site "Galaxy Gesia 22a - Krakow"]
[Date "2022.06.17"]
[Round "3.4"]
[White "Kyc, Jerzy"]
[Black "Lewicki, Miroslaw"]
[Result "0-1"]
[BlackElo "2340"]
[WhiteElo "2213"]
[LiveChessVersion "1.4.8"]

1. e4 {[%clk 1:30:58]} c5 {[%clk 1:30:57]} 2. Nf3 {[%clk 1:31:25]} d6
{[%clk 1:31:11]} 3. d4 {[%clk 1:31:52]} cxd4 {[%clk 1:31:34]} 4. Nxd4
{[%clk 1:32:20]} Nf6 {[%clk 1:31:55]} 5. Nc3 {[%clk 1:32:47]} a6 {[%clk 1:32:17]}
6. Bg5 {[%clk 1:33:15]} Nbd7 {[%clk 1:32:22]} 7. f4 {[%clk 1:33:42]} Qb6
{[%clk 1:31:28]} 8. Nb3 {[%clk 1:30:22]} h6 {[%clk 1:25:07]} 9. Bxf6
{[%clk 1:30:13]} Nxf6 {[%clk 1:25:31]} 10. Qd2 {[%clk 1:29:42]} g5
{[%clk 1:21:12]} 11. e5 {[%clk 1:28:21]} dxe5 {[%clk 1:14:12]} 12. fxe5
{[%clk 1:28:49]} Ng4 {[%clk 1:13:57]} 13. Nd5 {[%clk 1:28:14]} Qd8
{[%clk 1:14:19]} 14. O-O-O {[%clk 1:26:35]} Be6 {[%clk 1:14:33]} 15. Qe2
{[%clk 1:18:40]} Qb8 {[%clk 1:12:59]} 16. Nb6 {[%clk 0:58:06]} Bg7
{[%clk 1:13:22]} 17. Nxa8 {[%clk 0:58:25]} Qxa8 {[%clk 1:13:48]} 18. Nc5
{[%clk 0:48:27]} Qc8 {[%clk 1:13:56]} 19. Nxe6 {[%clk 0:47:59]} Qxe6
{[%clk 1:14:21]} 20. Qf3 {[%clk 0:39:55]} O-O {[%clk 1:11:15]} 21. Kb1
{[%clk 0:38:56]} Qxe5 {[%clk 1:09:56]} 22. c3 {[%clk 0:39:13]} Nxh2
{[%clk 1:10:10]} 23. Qxb7 {[%clk 0:30:29]} Rb8 {[%clk 1:06:40]} 24. Qc6
{[%clk 0:30:52]} Ng4 {[%clk 1:05:58]} 25. Bxa6 {[%clk 0:24:03]} Nf2
{[%clk 1:02:48]} 26. Bb7 {[%clk 0:14:05]} Bf6 {[%clk 0:54:01]} 27. Rd5
{[%clk 0:10:28]} Qe4+ {[%clk 0:53:52]} 28. Ka1 {[%clk 0:10:38]} Qc2
{[%clk 0:44:02]} 29. Qc7 {[%clk 0:07:47]} Rxb7 {[%clk 0:43:05]} 30. Qxb7
{[%clk 0:07:15]} Nxh1 {[%clk 0:43:28]} 31. Qa8+ {[%clk 0:07:33]} Kg7
{[%clk 0:43:50]} 32. a4 {[%clk 0:07:52]} Nf2 {[%clk 0:44:00]} 33. Qc6
{[%clk 0:01:32]} Ne4 {[%clk 0:44:10]} 34. Rc5 {[%clk 0:00:37]} Nd2
{[%clk 0:43:41]} 35. Ka2 {[%clk 0:00:47]} Qb1+ {[%clk 0:44:05]} 36. Ka3
{[%clk 0:01:14]} Qa1+ {[%clk 0:44:29]} 37. Kb4 {[%clk 0:01:39]} Qxb2+
{[%clk 0:44:52]} 38. Ka5 {[%clk 0:02:06]} Nb3+ {[%clk 0:45:14]} 39. Ka6
{[%clk 0:02:34]} Nxc5+ {[%clk 0:45:31]} 40. Qxc5 {[%clk 0:03:01]} Qxc3
{[%clk 0:45:54]} 0-1

[Event "MMM"]
[Site "Galaxy Gesia 22a - Krakow"]
[Date "2022.06.17"]
[Round "3.5"]
[White "Marszalek, Maciej"]
[Black "Thiercelin, Jerome"]
[Result "1/2-1/2"]
[BlackElo "2016"]
[WhiteElo "2287"]
[LiveChessVersion "1.4.8"]

1. Nf3 {[%clk 1:30:51]} Nf6 {[%clk 1:30:54]} 2. g3 {[%clk 1:31:09]} g6
{[%clk 1:31:19]} 3. c4 {[%clk 1:30:50]} Bg7 {[%clk 1:31:17]} 4. d4
{[%clk 1:30:56]} c5 {[%clk 1:31:31]} 5. Bg2 {[%clk 1:29:25]} Na6 {[%clk 1:31:10]}
6. O-O {[%clk 1:25:58]} d6 {[%clk 1:30:34]} 7. Nc3 {[%clk 1:25:28]} O-O
{[%clk 1:30:27]} 8. dxc5 {[%clk 1:19:55]} Nxc5 {[%clk 1:30:13]} 9. Nd4
{[%clk 1:20:04]} Rb8 {[%clk 1:29:10]} 10. h3 {[%clk 1:18:54]} Bd7
{[%clk 1:28:24]} 11. Be3 {[%clk 1:18:39]} a6 {[%clk 1:27:22]} 12. Rc1
{[%clk 1:17:27]} Ne6 {[%clk 1:22:08]} 13. Nxe6 {[%clk 1:12:39]} Bxe6
{[%clk 1:20:48]} 14. c5 {[%clk 1:12:23]} dxc5 {[%clk 1:15:33]} 15. Bxc5
{[%clk 1:10:41]} Qxd1 {[%clk 1:15:15]} 16. Rfxd1 {[%clk 1:11:02]} Rfe8
{[%clk 1:15:10]} 17. Rd2 {[%clk 0:51:53]} b5 {[%clk 1:02:30]} 18. Bb4
{[%clk 0:43:15]} Red8 {[%clk 0:44:01]} 19. Rcd1 {[%clk 0:35:38]} Rxd2
{[%clk 0:42:18]} 20. Rxd2 {[%clk 0:36:06]} Nd7 {[%clk 0:30:47]} 21. Ne4
{[%clk 0:29:54]} Ne5 {[%clk 0:27:03]} 22. b3 {[%clk 0:28:59]} Nc6
{[%clk 0:26:47]} 23. Ba3 {[%clk 0:26:35]} b4 {[%clk 0:25:33]} 24. Bb2
{[%clk 0:26:00]} Bxb2 {[%clk 0:23:41]} 25. Rxb2 {[%clk 0:26:28]} Nd4 26. Nc5
{[%clk 0:26:00]} Rb6 {[%clk 0:20:51]} 27. e3 {[%clk 0:21:30]} Nb5
{[%clk 0:21:01]} 28. Bf1 {[%clk 0:21:44]} a5 {[%clk 0:18:19]} 29. Nxe6
{[%clk 0:20:49]} fxe6 {[%clk 0:18:42]} 30. Bxb5 {[%clk 0:20:56]} Rxb5
{[%clk 0:19:02]} 31. Rc2 {[%clk 0:20:12]} a4 {[%clk 0:18:49]} 32. bxa4
{[%clk 0:19:31]} Ra5 {[%clk 0:19:13]} 33. Rc4 {[%clk 0:18:53]} Rxa4
{[%clk 0:19:35]} 34. Kg2 {[%clk 0:19:00]} Kf7 {[%clk 0:19:25]} 35. g4
{[%clk 0:19:07]} Rxa2 {[%clk 0:19:19]} 36. Rxb4 {[%clk 0:19:36]} Ra5
{[%clk 0:19:40]} 37. h4 {[%clk 0:18:45]} h6 {[%clk 0:18:13]} 38. Kg3
{[%clk 0:18:56]} Rc5 {[%clk 0:18:31]} 39. Rb8 {[%clk 0:18:06]} Ra5
{[%clk 0:17:53]} 40. Kf4 {[%clk 0:17:13]} Rc5 {[%clk 0:17:17]} 41. Rh8
{[%clk 0:15:10]} Kg7 {[%clk 0:17:35]} 42. Re8 {[%clk 0:15:35]} Kf7
{[%clk 0:18:00]} 43. Rh8 {[%clk 0:16:01]} Kg7 {[%clk 0:18:26]} 44. Re8
{[%clk 0:16:26]} Kf7 {[%clk 0:18:52]} 45. Rh8 {[%clk 0:16:51]} 1/2-1/2

[Event "MMM"]
[Site "Galaxy Gesia 22a - Krakow"]
[Date "2022.06.17"]
[Round "3.6"]
[White "Dziewonski, Dariusz"]
[Black "Torngren, Gustav"]
[Result "0-1"]
[BlackElo "2282"]
[WhiteElo "2015"]
[LiveChessVersion "1.4.8"]

1. e4 {[%clk 1:30:58]} e5 {[%clk 1:15:30]} 2. Nf3 {[%clk 1:31:19]} Nc6
{[%clk 1:12:10]} 3. Bb5 {[%clk 1:31:41]} a6 {[%clk 1:12:24]} 4. Ba4
{[%clk 1:32:04]} Nf6 {[%clk 1:12:37]} 5. O-O {[%clk 1:32:26]} Be7
{[%clk 1:12:45]} 6. Re1 {[%clk 1:32:32]} b5 {[%clk 1:13:02]} 7. Bb3
{[%clk 1:32:57]} d6 {[%clk 1:13:28]} 8. c3 {[%clk 1:33:15]} O-O {[%clk 1:13:41]}
9. h3 {[%clk 1:33:39]} Na5 {[%clk 1:13:59]} 10. Bc2 {[%clk 1:33:52]} d5
{[%clk 1:14:17]} 11. exd5 {[%clk 1:27:08]} e4 {[%clk 1:14:27]} 12. Bxe4
{[%clk 1:24:44]} Nxe4 {[%clk 1:14:48]} 13. Rxe4 {[%clk 1:25:09]} Bb7
{[%clk 1:15:09]} 14. d3 {[%clk 1:19:40]} Bxd5 {[%clk 1:15:31]} 15. Re1
{[%clk 1:19:03]} c5 {[%clk 1:16:00]} 16. Bf4 {[%clk 1:11:56]} Ra7
{[%clk 1:11:15]} 17. Nbd2 {[%clk 1:09:23]} Nc6 {[%clk 1:09:00]} 18. a4
{[%clk 1:04:27]} Rd7 {[%clk 1:08:22]} 19. axb5 {[%clk 1:00:55]} axb5
{[%clk 1:08:36]} 20. Qc2 {[%clk 0:51:02]} Qb6 {[%clk 1:03:03]} 21. Re3
{[%clk 0:45:15]} h6 {[%clk 1:02:30]} 22. Ne5 {[%clk 0:42:46]} Nxe5
{[%clk 0:49:49]} 23. Bxe5 {[%clk 0:43:09]} f6 {[%clk 0:49:22]} 24. Bh2
{[%clk 0:40:38]} f5 25. f4 {[%clk 0:36:29]} c4 {[%clk 0:46:22]} 26. d4
{[%clk 0:36:50]} b4 {[%clk 0:44:20]} 27. Nf3 {[%clk 0:33:58]} b3 {[%clk 0:44:10]}
28. Qe2 {[%clk 0:32:20]} Bf6 {[%clk 0:43:31]} 29. Bg3 {[%clk 0:30:15]} Kh7
{[%clk 0:38:36]} 30. Nd2 {[%clk 0:26:14]} Ra7 {[%clk 0:36:57]} 31. Rxa7
{[%clk 0:15:52]} Qxa7 {[%clk 0:37:25]} 32. Nxc4 {[%clk 0:16:13]} Qa1+
{[%clk 0:37:29]} 33. Kh2 {[%clk 0:13:25]} Bxc4 {[%clk 0:37:55]} 34. Qxc4
{[%clk 0:13:52]} Qxb2 {[%clk 0:38:11]} 35. Re2 {[%clk 0:12:39]} Qb1
{[%clk 0:37:56]} 36. Re1 {[%clk 0:12:25]} Qc2 {[%clk 0:38:11]} 37. Re2
{[%clk 0:12:02]} Rb8 {[%clk 0:37:01]} 38. Qc7 {[%clk 0:06:17]} Qxe2
{[%clk 0:36:45]} 39. Qxb8 {[%clk 0:06:43]} Qc2 {[%clk 0:37:04]} 0-1